000 00463nam a22000977a 4500
008 150721b xxu||||| |||| 00| 0 eng d
010 _8 HCCRSARF: 032
245 _aHIGH COURT CRIMINAL SESSION No.253 of 1975 Uganda Vs Jackson Musisi
260 _aHigh Court Kampala
500 _3Before Hon.Mr. Justice F.K. Butagira
999 _c7969
_d7969